Lições de Direito Internacional Público (Record no. 2164)
[ view plain ]
| 000 -Etiqueta do registo | |
|---|---|
| Campo de controlo de comprimento fixo | 00514 a2200193 4500 |
| 020 ## - ISBN (NÚMERO DE LIVRO PADRÃO INTERNACIONAL) | |
| ISBN | 978-989-36333-5-9 |
| 040 ## - Fonte de Catalogação | |
| Agência de catalogação | Biblioteca de Posgraduação- Universidade Lusíada de Angola |
| 082 ## - DEWEY DECIMAL CLASSIFICATION NUMBER | |
| Classificador- CDU | 341/VIC/L |
| Prateleira/Colocação | 3 |
| 100 ## - Nome Pessoal | |
| 9 (RLIN) | 872 |
| Autor | VICTOR, André |
| 245 ## - Declaração de Título | |
| Título | Lições de Direito Internacional Público |
| 250 ## - Indicação da edição | |
| Edição | 1ª Edição |
| 260 ## - Publicação e Destribuíção | |
| Local de edição/distribuição | Lisboa - Portugal |
| Editor/distribuidor | Facul Editora |
| Data de edição/distribuição | Novembro de2025 |
| 300 ## - Descrição Física | |
| Nº Pág. | 329p. |
| 600 #0 - Nome pessoal | |
| Autor | VICTOR, André |
| 650 ## - MATERIA | |
| MATERIA | Direito |
| 650 ## - MATERIA | |
| MATERIA | Direito Inernacional Público |
| 700 ## - Entrada secundária - Nome pessoal | |
| Autor | André Victor |
| 942 ## - - Elementos de entrada adicionados (koha) | |
| Tipo de documento | Livros |
| Withdrawn status | Lost status | Source of classification or shelving scheme | Damaged status | Not for loan | Permanent Location | Current Location | Date acquired | Total Checkouts | Full call number | Date last seen | Price effective from | Koha item type |
|---|---|---|---|---|---|---|---|---|---|---|---|---|
| Dewey Decimal Classification | Biblioteca de Posgraduação- Universidade Lusíada de Angola | Biblioteca de Posgraduação- Universidade Lusíada de Angola | 02/02/2026 | 341/VIC/L | 02/02/2026 | 02/02/2026 | Livros |
